000 01029nam a2200325Ia 4500
003 OSt
005 20221007122749.0
006 a|||||r|||| 00| 0
007 ta
008 221006b |||||||| |||| 00| 0 eng d
020 _a9780857092236 (pbk)
024 _a180827
037 _b4990, 30/03/2012, New India Book Agency
_cTextual
040 _aPAPL
_cPAPL
_beng
041 _2eng
_aeng
082 _aB, Q0 Carpa
100 _aMcGregor Colin
_9715146
245 0 _aFundamentals of university mathematics
_b Nimmo Jonathan Stothers Wilson
250 _a3
260 _aOxford
_bW S P
_c2010
300 _axii; 551p.
_ccm.
490 _aWoodhead publishing in mathematics
500 _aIndex 545-551p.
650 _a Mathematics
650 _aPhysics
700 _a Nimmo Jonathan
_9715147
700 _a Stothers Wilson
_9715148
942 _hB, Q0 Carpa
_cTEXL
_2CC
999 _c1210895
_d1210895